[Event "AUTO-OPEN-4461"]
[Site "http://www.queenalice.com/game.php?id=1816635"]
[Date "2023.7.19"]
[Round "1"]
[White "Clemente09"]
[Black "maurice916"]
[Result "1-0"]
[WhiteElo "1361"]
[BlackElo "1880"]

1. Nf3 c6 2. Nc3 Nf6 3. e4 d5 4. e5 Ng4 5. h3 Nh6 6. d4 e6 7. Ng5 Be7 8. h4 O-O
9. Qd3 Bxg5 10. hxg5 Nf5 11. Bf4 g6 12. g4 Ng7 13. Qh3 h5 14. Be2 Re8 15. gxh5
gxh5 16. Bxh5 Kf8 17. g6 f5 18. exf6 Qxf6 19. Bd6+ Kg8 20. Be5 Qf5 21. Bg4 Qxg6
22. Rg1 Qxc2 23. Qh6 Qh7 24. Bxe6+ Rxe6 25. Rxg7+ Qxg7 26. Qxg7# 1-0

[Event "AUTO-OPEN-4461"]
[Site "http://www.queenalice.com/game.php?id=1816652"]
[Date "2023.7.19"]
[Round "1"]
[White "Merlin_AAC"]
[Black "Clemente09"]
[Result "1-0"]
[WhiteElo "1999"]
[BlackElo "1458"]

1. e4 e5 2. Nf3 Nc6 3. Bc4 h6 4. a3 Nf6 5. O-O Nxe4 6. d4 d5 7. Be2 exd4 8. c4
dxc3 9. Re1 Bc5 10. Be3 Bxe3 11. fxe3 cxb2 12. Ra2 Qf6 13. Rf1 Nc3 14. Nxc3 Qxc3
15. Bd3 Be6 16. Qc2 Qxc2 17. Bxc2 d4 18. Rxb2 Bc4 19. Re1 O-O-O 20. Bf5+ Kb8 21.
Reb1 1-0

[Event "AUTO-OPEN-4461"]
[Site "http://www.queenalice.com/game.php?id=1816653"]
[Date "2023.7.19"]
[Round "1"]
[White "Clemente09"]
[Black "Merlin_AAC"]
[Result "0-1"]
[WhiteElo "1456"]
[BlackElo "2001"]

1. e4 c5 2. Bb5 a6 3. Bc4 e6 4. d4 d5 5. exd5 exd5 6. Bb3 Qe7+ 7. Be3 c4 8. Ba4+
b5 9. Bb3 Nf6 10. h3 cxb3 11. axb3 Qe4 12. Nf3 Bb4+ 13. c3 Bd6 14. c4 Bb4+ 15.
Nbd2 Bxd2+ 16. Qxd2 Bb7 17. cxb5 O-O 18. bxa6 Bxa6 19. Ng5 Qxg2 20. O-O-O Rc8+
0-1

[Event "Let's Play Chess!"]
[Site "http://www.queenalice.com/game.php?id=1817284"]
[Date "2023.7.26"]
[Round "-"]
[White "Mlintz"]
[Black "Clemente09"]
[Result "1-0"]
[WhiteElo "1897"]
[BlackElo "1464"]

1. e4 e5 2. Nf3 Nf6 3. Bc4 d5 4. exd5 Nxd5 5. Nxe5 f6 6. Qh5+ g6 7. Nxg6 Rg8 8.
Ne5+ Ke7 9. Qf7+ Kd6 10. Qxd5+ Ke7 11. Qxg8 fxe5 12. Qxh7+ Ke8 13. Qf7# 1-0

[Event "Let's Play Chess!"]
[Site "http://www.queenalice.com/game.php?id=1817285"]
[Date "2023.7.26"]
[Round "-"]
[White "Clemente09"]
[Black "Mlintz"]
[Result "0-1"]
[WhiteElo "1396"]
[BlackElo "1791"]

1. d4 e6 2. e4 d5 3. exd5 exd5 4. Qh5 Nf6 5. Qf3 Be7 6. c3 Ne4 7. Bb5+ c6 8. Ba4
O-O 9. Bc2 f5 10. Nh3 h6 11. Bd3 Bd7 12. Nd2 Be8 13. Nf4 Qd7 14. c4 b6 15. cxd5
cxd5 16. a4 a6 17. Bc2 Bb4 18. O-O Bxd2 19. Bb3 Bf7 20. Rd1 Bxc1 21. Raxc1 Nc6
0-1

[Event "Challenge"]
[Site "http://www.queenalice.com/game.php?id=1817844"]
[Date "2023.8.2"]
[Round "-"]
[White "Scar"]
[Black "Clemente09"]
[Result "1-0"]
[WhiteElo "1771"]
[BlackElo "1454"]

1. e4 e5 2. Nf3 Qf6 3. b3 Bc5 4. Bb2 Nc6 5. c3 Nge7 6. b4 Bb6 7. a4 a5 8. b5 Nb8
9. c4 c6 10. d4 cxb5 11. c5 Bc7 12. axb5 b6 13. Ba3 bxc5 14. dxc5 d6 15. cxd6
Bxd6 16. Bxd6 Ng6 17. Qd2 Nd7 18. Bb4 a4 19. Qc2 Nb6 20. Nc3 Bg4 21. Be2 Nf4 22.
Bf1 Qg6 23. Nxe5 Qe6 24. Nxg4 Qxg4 25. Nxa4 Rc8 26. Bc5 Nd7 27. Rc1 Qe6 28. f3
1-0

[Event "Let's Play Chess!"]
[Site "http://www.queenalice.com/game.php?id=1818069"]
[Date "2023.8.6"]
[Round "-"]
[White "cm1964"]
[Black "Clemente09"]
[Result "1-0"]
[WhiteElo "1680"]
[BlackElo "1323"]

1. e4 e5 2. Nf3 Nf6 3. Nxe5 Bc5 4. d4 Bb4+ 5. c3 Ba5 6. Nc4 c6 7. Nd6+ Ke7 8. e5
Nd5 9. Nd2 f6 10. N2e4 Na6 11. exf6+ Nxf6 12. Qe2 Nxe4 13. Qxe4+ Kf8 14. Bh6 Qe7
15. Bxg7+ Kxg7 16. Qxe7+ Kh6 17. Qf6+ Kh5 18. Be2# 1-0

[Event "Let's Play Chess!"]
[Site "http://www.queenalice.com/game.php?id=1818163"]
[Date "2023.8.6"]
[Round "-"]
[White "jcharro1979"]
[Black "Clemente09"]
[Result "1-0"]
[WhiteElo "2406"]
[BlackElo "1462"]

1. e4 e5 2. Nf3 Nc6 3. Bc4 Bb4 4. c3 Na5 5. Bxf7+ Kxf7 6. cxb4 Nc4 7. d3 Nb6 8.
Nxe5+ Ke8 9. Qh5+ g6 10. Nxg6 Nf6 11. Qe5+ Kf7 12. Nxh8+ Qxh8 13. Qxc7 h6 14.
Nc3 1-0

[Event "Escacs 103"]
[Site "http://www.queenalice.com/game.php?id=1819629"]
[Date "2023.8.27"]
[Round "-"]
[White "alterego"]
[Black "Clemente09"]
[Result "1-0"]
[WhiteElo "1511"]
[BlackElo "1388"]

1. d4 d5 2. g3 c6 3. Bg2 Bg4 4. Nf3 Nd7 5. a3 Qc7 6. b4 e5 7. dxe5 Nxe5 8. Bf4
Bd6 9. Nxe5 Bxe5 10. Bxe5 Qxe5 11. c3 Nf6 12. O-O O-O-O 13. Qb3 Ne4 14. f3 Nxg3
15. Rf2 Nxe2+ 16. Kf1 1-0

[Event "Escacs 104"]
[Site "http://www.queenalice.com/game.php?id=1819630"]
[Date "2023.8.27"]
[Round "-"]
[White "Clemente09"]
[Black "alterego"]
[Result "0-1"]
[WhiteElo "1377"]
[BlackElo "1522"]

1. e4 g6 2. a4 Bg7 3. c3 a6 4. Na3 Nf6 5. Nc4 d6 6. e5 dxe5 7. Nxe5 O-O 8. d4 c6
9. Bc4 Nbd7 10. Ngf3 b5 11. axb5 cxb5 12. Bxb5 Nxe5 13. Nxe5 Bb7 14. O-O axb5
15. Rxa8 Bxa8 0-1

[Event "Let's Play Chess!"]
[Site "http://www.queenalice.com/game.php?id=1819634"]
[Date "2023.8.27"]
[Round "-"]
[White "Scar"]
[Black "Clemente09"]
[Result "1-0"]
[WhiteElo "1798"]
[BlackElo "1390"]

1. e4 e5 2. Nf3 Nc6 3. d4 d5 4. dxe5 Bg4 5. Qxd5 Qxd5 6. exd5 Nb4 7. Bd3 Nxd5 8.
c4 Nb4 9. Be4 c6 10. h3 Be6 11. b3 Ne7 12. a3 Bf5 13. axb4 Bxe4 14. Bf4 Nf5 15.
Nbd2 Bc2 16. Rc1 Bxb3 17. Nxb3 Bxb4+ 18. Ke2 O-O-O 19. c5 h6 20. Rc4 Ba3 21. g4
Ne7 22. Ra1 Bb2 23. Ra2 Nd5 24. Bd2 Bxe5 25. Nxe5 Rhe8 26. f4 f6 27. Re4 fxe5
28. Rxe5 Rf8 29. Kf3 g5 30. f5 Nf6 31. Rxa7 Kc7 32. Ba5+ Kd7 33. Bxd8 Rxd8 34.
Rxb7+ Kc8 35. Na5 Rd3+ 36. Ke2 Ra3 37. Rf7 Ra2+ 38. Kd3 Rxa5 39. Rxf6 Ra3+ 40.
Kc4 1-0

[Event "Let's Play Chess!"]
[Site "http://www.queenalice.com/game.php?id=1819636"]
[Date "2023.8.27"]
[Round "-"]
[White "Clemente09"]
[Black "Scar"]
[Result "0-1"]
[WhiteElo "1392"]
[BlackElo "1796"]

1. e4 e5 2. Nf3 d6 3. d4 f6 4. Nc3 c6 5. d5 cxd5 6. Qxd5 Nc6 7. Bb5 Ne7 8. Nh4
Nxd5 9. Nxd5 Bd7 10. Nf5 a6 11. Bc4 b5 12. Bb3 Bxf5 13. exf5 Nd4 14. Be3 Nxb3
15. axb3 a5 16. Nb6 Ra6 17. Nd5 Qd7 18. b4 a4 19. b3 Qc6 20. c4 bxc4 21. bxc4
Qxc4 22. b5 Qxd5 23. bxa6 Qa5+ 24. Bd2 Qd5 25. a7 Qa8 26. Rxa4 Be7 27. O-O O-O
28. Rb1 Rc8 29. Be3 d5 30. Bb6 d4 31. f3 Bc5 32. Bxc5 Rxc5 33. Rb8+ Rc8 34. Rxa8
Rxa8 35. Kf2 h5 36. Ke2 Kf7 37. h3 Ke7 38. Kd3 Kd7 39. f4 Kc7 40. fxe5 fxe5 41.
Ke4 Kb7 0-1

[Event "Let's Play 708"]
[Site "http://www.queenalice.com/game.php?id=1819818"]
[Date "2023.8.29"]
[Round "-"]
[White "digger"]
[Black "Clemente09"]
[Result "1-0"]
[WhiteElo "1605"]
[BlackElo "1341"]

1. d4 d6 2. e4 Nf6 3. Qf3 Bg4 4. Qe3 e5 5. dxe5 dxe5 6. h3 Bh5 7. g4 Bg6 8. Nc3
Na6 9. Be2 Bc5 10. Qd2 Bd4 11. Qd3 Nb4 12. Qd2 Nxe4 13. Nxe4 Bxe4 14. Qxb4 Bxh1
15. c3 Bb6 16. Qb5+ Kf8 17. Qxe5 Qh4 18. Qf4 Re8 19. Kf1 Re4 20. Qg3 Qxg3 21.
fxg3 g6 22. Bg5 h6 23. Bf6 1-0

[Event "Let's Play 709"]
[Site "http://www.queenalice.com/game.php?id=1819819"]
[Date "2023.8.29"]
[Round "-"]
[White "Clemente09"]
[Black "digger"]
[Result "0-1"]
[WhiteElo "1347"]
[BlackElo "1599"]

1. Nc3 e5 2. e4 d6 3. Bb5+ c6 4. Bc4 Qf6 5. Nf3 Be6 6. Bxe6 Qxe6 7. d4 Nd7 8. d5
cxd5 9. exd5 Qf5 10. Nb5 Kd8 11. Nxd6 Bxd6 12. Ng5 h6 13. Qh5 g6 14. Ne6+ fxe6
15. Qh4+ Ndf6 16. dxe6 Qxe6 17. Bg5 Kc8 18. Be3 g5 19. Qa4 Ne7 20. O-O a6 21. c4
Nc6 0-1

[Event "Let's Play 710"]
[Site "http://www.queenalice.com/game.php?id=1819820"]
[Date "2023.8.29"]
[Round "-"]
[White "digger"]
[Black "Clemente09"]
[Result "1-0"]
[WhiteElo "1610"]
[BlackElo "1336"]

1. Nc3 Nf6 2. d4 d5 3. e3 Bg4 4. Nf3 Nc6 5. h3 Bf5 6. Bd3 e6 7. Bxf5 exf5 8. O-O
g6 9. Re1 h5 10. Nh4 g5 11. Nxf5 g4 12. hxg4 hxg4 13. Ng3 Bd6 14. e4 dxe4 15. d5
Ne5 16. Ngxe4 Nxe4 17. Rxe4 Qh4 18. Kf1 Qh1+ 19. Ke2 Qxg2 20. Qf1 Qf3+ 21. Ke1
Rh1 22. Qxh1 Qxh1+ 23. Ke2 O-O-O 24. a4 1-0

[Event "5"]
[Site "http://www.queenalice.com/game.php?id=1820362"]
[Date "2023.9.10"]
[Round "-"]
[White "zubarev"]
[Black "Clemente09"]
[Result "1-0"]
[WhiteElo "1871"]
[BlackElo "1351"]

1. h3 d5 2. d4 e5 3. dxe5 Bf5 4. Nf3 f6 5. Bf4 Nc6 6. Nc3 Bb4 7. e3 Bxc3+ 8.
bxc3 fxe5 9. Nxe5 Qf6 10. Nxc6 Qxc3+ 11. Ke2 Bxc2 12. Qd4 Bd3+ 13. Qxd3 1-0

[Event "8"]
[Site "http://www.queenalice.com/game.php?id=1820365"]
[Date "2023.9.10"]
[Round "-"]
[White "zubarev"]
[Black "Clemente09"]
[Result "1-0"]
[WhiteElo "1873"]
[BlackElo "1349"]

1. f4 c5 2. Nf3 d5 3. e3 d4 4. exd4 cxd4 5. d3 Nc6 6. Be2 Nf6 7. O-O h6 8. Nbd2
g5 9. Ne4 Nxe4 10. dxe4 g4 11. Ne5 h5 12. Nxc6 bxc6 13. Bc4 h4 14. e5 1-0